000 01270cam a22003497a 4500
003 CHAP
005 20220329143031.0
008 050922d2003 mx abd r 00110 spa d
010 _a90959
011 _a91931
020 _a8484760855
035 _a102494
040 _cCHAP
082 0 4 _a630.215
_bF4
100 0 0 _aFernández Alés, Rocío.
_940115
245 1 0 _aEcología para la agricultura
_c/por Rocío Fernández Alés y María José Leiva Morales
260 _aMadrid :
_bMundi-Prensa,
_c2003
300 _a223 p. :
_bilus. ; gráfs. ; mapas ; tablas ; diagramas
590 _aBATCH-UPD
_b10
_c20130110
_lUCH01
_h0430
590 _aBATCH-UPD
_b10
_c20130410
_lUCH01
_h0105
590 _aBATCH-UPD
_b10
_c20130410
_lUCH01
_h1556
590 _aBATCH-UPD
_b10
_c20130914
_lUCH01
_h1249
590 _aCONVERSION
_b10
_c20130109
_lUCH01
_h1350
650 1 4 _aEcología agrícola.
_935165
650 1 4 _aEcología agrícola
_xEstudio y enseñanza.
_935168
700 0 _aLeiva Morales, María José.
_965916
901 _aBK
905 _aMarco A. Mendoza T.
942 _cLIBRO
949 _a630.215 F4
_bBC
_cLIBRO
_d33724000961884
_eLIBRO
_gI.c/e
_h107259
_i102494
_sb
_t$427.55
949 _a630.215 F4
_bBC
_cLIBRO
_d33724000961892
_eLIBRO
_fc.2
_gI.c/e
_h107260
_i102494
_si
_t$427.55
999 _c90959
_d90959